000 00645nam a2200241Ia 4500
003 OSt
005 20220918231327.0
006 a|||||r|||| 00| 0
007 ta
008 220917b |||||||| |||| 00| 0 eng d
024 _a278,571
037 _cTextual
040 _aARTS
_cARTS
_beng
041 _2eng
_aeng
082 _aP5921:4k, L8
100 _aBalacciu Jana
_9154240
245 0 _aDictionar dse lingvisti si filologi Romani
260 _c1978
300 _a261p.
_ccm.
700 _a Chiriacescu Rodica
_9154241
942 _hP5921:4k, L8
_cTEXL
_2CC
999 _c290600
_d290600